FIFA World Cup Champions - Statistics

General Stats
  • This quiz has been taken 51 times
  • The average score is 18 of 22
Answer Stats
Year Team % Correct
2022 Argentina
91%
2018 France
91%
1930 Uruguay
91%
2014 Germany
89%
2010 Spain
89%
2006 Italy
86%
1958 Brazil
84%
1962 Brazil
84%
1994 Brazil
84%
2002 Brazil
84%
1998 France
84%
1934 Italy
84%
1950 Uruguay
82%
1978 Argentina
80%
1986 Argentina
80%
1970 Brazil
80%
1966 England
80%
1938 Italy
80%
1982 Italy
70%
1954 West Germany
66%
1974 West Germany
66%
1990 West Germany
66%
No matching quizzes found
Score Distribution
Percent of People with Each Score
Percentile by Number Answered
Your Score History
You have not taken this quiz